000 00288nam a2200121Ia 4500
008 190216s9999||||xx |||||||||||||| ||und||
100 _aGausden M W
245 0 _aLife And Literature
260 _bThe Macmillan Press Ltd
_c1973
300 _a195p
650 _aEnglish Prose
942 _cBK
999 _c12514
_d12514